Dates - Après la Seconde Guerre mondiale, un nouvel ordre mondial - Statistiques

Statistiques générales
  • Ce quiz a été pris 208 fois
    203 depuis la dernière actualisation
  • Le résultat moyen est 5 sur 17
Statistiques - réponses
Evènement Précision Date % Correct
Nouveau projet de société du CNR pour la France, programmes politique, économique et social Année 1944
70%
Signature du plan Marshall et début de ladoctrine Jdanov Année 1947
58%
Accords trouvés entre les Etats-Unis, l’URSS, la Franceet le Royaume-Uni, création de la RDA et de la RFA Année 1949
39%
Procès de Nuremberg Mois et années Novembre 1945-octobre 1946
38%
Proposition des Etats-Unis de lever la politiquede reconstruction économique allemande, refus de l’URSS Année 1948
34%
Consolidation du rôle des syndicats en France Année 1946
30%
Conférence de Yalta Jours, mois et année 4-11 février 1945
28%
Mort du Président américain F.D. Roosevelt Mois et année Avril 1945
28%
Procès de Tokyo Années 1946-1948
25%
Premier conflit israélo-arabe Années 1948-1949
25%
Ben Gourion proclame la naissance d’Israël Jour, mois et année 14 mai 1948
23%
Accords de Bretton-Woods, réorganisationdu système monétaire international Jour, mois et année 22 juillet 1944
21%
Lord Balfour reconnaît le sionisme(signature d’une déclaration) Mois et année Novembre 1917
19%
Discours de Fulton, mention du « rideau de fer » Jour, mois et année 5 mars 1946
15%
Fin de la conférence de San Franciscoentraînant la création de l’ONU Jour, mois et année 25 juin 1945
13%
Conférence de Postdam réglant le« problème de l’Allemagne » Jours, mois et année 17 juillet-2 août 1945
11%
Nouvelle Constitution tchécoslovaque, le pays devientune démocratie populaire Jour, mois et année 9 mai 1948
4%
Aucun quiz correspondant
Distribution des résultats
% des personnes avec chaque résultat
Percentile par nombre de réponses
Votre historique - résultats
Vous n’avez pas pris ce quiz depuis la dernière actualisation